000 01286nam a2200421 c 4500
001 47367
003 ES-MaCES
005 20231130115418.0
008 160408s2016 sp 000 | spa d
017 _aB 696-2016
_bDL
020 _a9788449331879
040 _aES-MaCES
_bspa
_cES-MaCES
041 1 _aspa
_heng
100 1 _aMason, Paul
_936689
245 1 0 _aPostcapitalismo
_b: hacia un nuevo futuro
_cPaul Mason ; [trad. de Albino Santos Mosquera]
250 _a1ª ed
260 _aBarcelona [etc.]
_bPaidós
_c2016
300 _a424 p.
_c23 cm
490 1 _aPaidós estado y sociedad
500 _aTraducción de: Postcapitalism
500 _aÍndices
541 _cCompra
650 4 _acapitalismo
_927116
650 4 _asistema económico
_927123
650 4 _acrisis económica
_927102
650 4 _areforma económica
_929791
650 4 _acambio social
_927286
650 4 _atecnología de la información
_930104
650 4 _acambio tecnológico
_928236
650 4 _adesarrollo sostenible
_930785
650 4 _afuturo
_928901
653 _aCondiciones económicas
700 1 _aSantos Mosquera, Albino
_etr.
_923493
740 0 2 _aPostcapitalism
830 0 _aPaidós Estado y sociedad
_932853
902 _aLIB Libro
942 _2CES
_cBK
_h0.0.
999 _c47367
_d47367